Good business your world needs you

Saved in:
Bibliographic Details
Main Author: Hilton, Steve
Other Authors: Gibbons, Giles
Format: Book
Language:English
Published: New York Texere 2002
Subjects:
Tags: Add Tag
No Tags, Be the first to tag this record!

MARC

LEADER 00000nam$a2200000$$$4500
001 0106539
005 20240311125528.0
020 |a 1-58799-118-7 
041 0 |a eng 
044 |a US 
245 1 0 |a Good business  |b your world needs you  |c Steve Hilton, Giles Gibbons 
264 1 |a New York  |b Texere  |c 2002 
300 |a xvi, 255 s. 
610 2 0 |a podnikanie 
610 2 0 |a zákazníci 
610 2 0 |a vodcovstvo 
610 2 0 |a kapitalizmus 
610 2 0 |a globalizácia 
100 1 |a Hilton, Steve 
700 1 |a Gibbons, Giles